000 00877nam a2200289 i 4500
003 DO-SdBNP
005 20240528113037.0
007 ta
008 240528m2023 dr a r 000 0 spa d
020 _a9789945941609
040 _aDO-SdBNP
_bspa
_cBNPHU
_erda
082 4 _bC112
_222
100 1 _aCaba, Niris
_985577
245 1 0 _aPlanificador académico escolar :
_b2023-2024 /
_cNiris Caba
264 1 _aSanto Domingo :
_bEscribanos,
_c2023.
300 _a[112] páginas ;
_bilustraciones
_c28 cm.
336 _2rdacontent
_atexto
_btxt
337 _2rdamedia
_asin mediación
_bn
338 _2rdacarrier
_avolumen
_bnc
490 1 _aLas mañanas de escuela
500 _aPlanificador para aprender.
500 _aLibro en espiral.
590 _aInventariado, 2024 / YL
630 4 _aIglesia católica
_xCatecismos
_984817
910 _aYLockward
942 _2ddc
_cLBS1
999 _c56768
_d56768